00822nam a2200241 a 450000100060000000300080000600500170001400800410003102000150007203500190008704000180010604100080012408200220013224500570015426000640021130000250027550400640030065100280036470000290039294200120042199900170043395201300045058297BD-RjUL20211209080615.0161217s1984 enk 001 0 eng  a0904404420 a(BD-RjUL)58421 aDLCcDLCbeng aeng00a952223bEUR 198400aEurope interprets Japan /cedited by Gordon Daniels. aTenterden, Kent, England :bP. Norbury Publications,c1984. axi, 279 p. ;c22 cm. aIncludes bibliographical references (p. 245-273) and index. 0aJapanxHistory.91731601 aDaniels, Gordon.9173161 2ddccBK c58297d58297 00102ddc40718NFICaRUCLbRUCLcReadingd1984-02-16eZeitlingerl0o952 EUR 1984r2016-12-17 00:00:00tC-1w2016-12-17yBK